[Event "Hull La Colonne Ouverte"]
[Site "Hull"]
[Date "2002.11.12"]
[Round "5"]
[White "Villeneuve, Luc"]
[Black "Lemieux, Richard"]
[Result "1/2-1/2"]
[WhiteElo "1659"]
[BlackElo "1674"]
[PlyCount "117"]
[EventDate "2002.10.15"]
[EventType "swiss"]
[EventRounds "5"]
[EventCountry "CAN"]
[SourceTitle "EXT 2022"]
[Source "ChessBase"]
[SourceDate "2021.10.06"]
[SourceVersion "1"]
[SourceVersionDate "2021.10.06"]
[SourceQuality "1"]

1. e4 c6 2. d4 d5 3. Nc3 e6 4. exd5 cxd5 5. Bd3 Nc6 6. Nge2 Bb4 7. 0-0 a6 8. Be3 Nf6 9. f3 b5 10. Nb1 Bd6 11. c3 Qc7 12. h3 Nh5 13. f4 f5 14. Nd2 Nf6 15. b4 Ne4 16. Bxe4 fxe4 17. Nb3 Ne7 18. g4 0-0 19. Nc5 Ng6 20. f5 exf5 21. Qb3 Qf7 22. gxf5 Nh4 23. Bf4 Bxf4 24. Nxf4 Nf3+ 25. Rxf3 exf3 26. Nfe6 Qxf5 27. Nxf8 Qg5+ 28. Kf2 Qg2+ 29. Ke3 Qe2+ 30. Kf4 Qh2+ 31. Ke3 Kxf8 32. Qxd5 Qe2+ 33. Kf4 Qh2+ 34. Ke3 Bb7 35. Nd7+ Ke7 36. Qxb7 Qe2+ 37. Kf4 g5+ 38. Kf5 Qe6+ 39. Kxg5 Rg8+ 40. Kf4 Qh6+ 41. Ke4 Qg6+ 42. Ke3 Qg5+ 43. Kd3 Qg6+ 44. Qe4+ Kxd7 45. Qxg6 Rxg6 46. Ke3 Rg3 47. h4 f2+ 48. Kxf2 Rxc3 49. Rd1 Rc2+ 50. Ke3 Rxa2 51. d5 Kd6 52. Rd4 Rg2 53. Kf4 h5 54. Kf5 Rg1 55. Kf4 Rg4+ 56. Ke3 Rg1 57. Kf4 Rg8 58. Kf5 Rg1 59. Kf4 1/2-1/2

[Event "Hull La Colonne Ouverte"]
[Site "Hull"]
[Date "2002.10.15"]
[Round "1"]
[White "Villeneuve, Luc"]
[Black "Charette, Jean Sebastien"]
[Result "1-0"]
[WhiteElo "1659"]
[BlackElo "1203"]
[PlyCount "39"]
[EventDate "2002.10.15"]
[EventType "swiss"]
[EventRounds "5"]
[EventCountry "CAN"]
[SourceTitle "EXT 2022"]
[Source "ChessBase"]
[SourceDate "2021.10.06"]
[SourceVersion "1"]
[SourceVersionDate "2021.10.06"]
[SourceQuality "1"]

1. e4 e5 2. Nf3 Nc6 3. Bb5 d6 4. d4 exd4 5. Nxd4 Bd7 6. Bxc6 Bxc6 7. Nxc6 bxc6 8. Qf3 Qf6 9. Qb3 Qg6 10. 0-0 Nf6 11. Qb7 Rd8 12. Qxc6+ Rd7 13. e5 dxe5 14. Rd1 Bd6 15. c4 Qc2 16. Nc3 Ne4 17. Qxe4 Qxe4 18. Nxe4 0-0 19. c5 Bxc5 20. Rxd7 1-0

[Event "CAN-ch op"]
[Site "Sackville"]
[Date "2001.07.12"]
[Round "7"]
[White "Villeneuve, Luc"]
[Black "Strojevs, Alexander"]
[Result "0-1"]
[WhiteElo "1631"]
[BlackElo "1809"]
[PlyCount "134"]
[EventDate "2001.07.??"]
[EventType "swiss"]
[EventRounds "10"]
[EventCountry "CAN"]
[SourceTitle "EXT 2006"]
[Source "ChessBase"]
[SourceDate "2005.11.24"]
[SourceVersion "1"]
[SourceVersionDate "2005.11.24"]
[SourceQuality "1"]

1. e4 c5 2. Nf3 d6 3. Bb5+ Bd7 4. a4 a6 5. Bxd7+ Nxd7 6. d4 cxd4 7. Qxd4 Ngf6 8. Nc3 e6 9. 0-0 Be7 10. Re1 0-0 11. Bg5 Qb6 12. Qd2 Rac8 13. Ra2 Rfd8 14. Qe2 h6 15. a5 Qc7 16. Bd2 Qc4 17. Ra4 Qc7 18. h3 Nh7 19. Be3 Re8 20. Nd2 Bf6 21. Bd4 Be7 22. Nc4 Nhf6 23. Nb6 Nxb6 24. Bxb6 Qd7 25. Rd4 Qc6 26. Red1 Nd7 27. Rb4 Nxb6 28. Rxb6 Qc7 29. Rd4 d5 30. Rb3 Bc5 31. Rd1 d4 32. Na4 e5 33. Rd2 Qxa5 34. Nxc5 Rxc5 35. Rxb7 Rec8 36. b4 Qa1+ 37. Rd1 Qb2 38. bxc5 Qxb7 39. Qc4 Qc6 40. f3 Qxc5 41. Qxc5 Rxc5 42. Ra1 Rc6 43. Ra2 Kf8 44. Kf2 g5 45. g4 Kg7 46. Ke2 Kg6 47. Kd2 h5 48. Ra5 f6 49. Ra1 h4 50. Ra3 Kf7 51. Rb3 Ke7 52. Rb2 Kd6 53. Rb7 Kc5 54. Rb1 a5 55. Ra1 Kb5 56. Rb1+ Ka6 57. Rc1 a4 58. Ra1 Ka5 59. Ra2 Kb4 60. Ra1 a3 61. Rb1+ Ka4 62. Rb8 Rc5 63. Rb1 a2 64. Ra1 Ka3 65. Kc1 d3 66. f4 Rxc2+ 67. Kd1 Kb2 0-1